Del olvido en el ángulo oscuro_ (Record no. 31703)

MARC details
000 -LEADER
campo de control de longitud fija 00827nam a2200205 i 4500
001 - NÚMERO DE CONTROL
campo de control 31703
003 - IDENTIFICADOR DE NÚMERO DE CONTROL
campo de control ES-MaACL
005 - FECHA Y HORA DE LA ÚLTIMA TRANSACCIÓN
campo de control 20250805063235.0
007 - CAMPO FIJO DE DESCRIPCIÓN FÍSICA--INFORMACIÓN GENERAL
campo de control de longitud fija t|
008 - DATOS DE LONGITUD FIJA--INFORMACIÓN GENERAL
campo de control de longitud fija 030129s1948 sp |||| | spa d
100 1# - ENTRADA PRINCIPAL--NOMBRE DE PERSONA
Nombre de persona Bécquer, Gustavo Adolfo,
Fechas asociadas al nombre 1836-1870
9 (RLIN) 26974
245 10 - MENCIÓN DEL TÍTULO
Título Del olvido en el ángulo oscuro_
Resto del título : páginas abandonadas (prosa y verso) /
Mención de responsabilidad, etc. Gustavo Adolfo Bécquer ; carta íntima de Dámaso Alonso ; ensayo biocrítico, apéndices y notas por Dionisio Gamallo Fierros.
260 ## - PUBLICACIÓN, DISTRIBUCIÓN, ETC.
Lugar de publicación, distribución, etc. Madrid :
Nombre del editor, distribuidor, etc. Valera,
Fecha de publicación, distribución, etc. 1948 (
Fabricante Veritas)
300 ## - DESCRIPCIÓN FÍSICA
Extensión 522 p. :
Otras características físicas 1 retr. ;
Dimensiones 19 cm.
600 17 - PUNTO DE ACCESO ADICIONAL DE MATERIA--NOMBRE DE PERSONA
Nombre de persona Bécquer, Gustavo Adolfo,
Fechas asociadas al nombre 1836-1870
Fuente del encabezamiento o término embne
9 (RLIN) 26974
700 1# - ENTRADA AGREGADA--NOMBRE PERSONAL
Nombre de persona Alonso, Dámaso,
Fechas asociadas al nombre 1898-1990
9 (RLIN) 20195
700 1# - ENTRADA AGREGADA--NOMBRE PERSONAL
Nombre de persona Gamallo Fierros, Dionisio,
Fechas asociadas al nombre 1914-2000
9 (RLIN) 53740
852 ## - LOCALIZACIÓN
Ubicación ES-MaACL
Número de control de estantería C-5599
Holdings
Estatus retirado Estado de pérdida Estado de daño No para préstamo Biblioteca de origen Biblioteca actual Ubicación en estantería Fecha de adquisición Fuente de adquisición Total de préstamos Signatura topográfica completa Código de barras Visto por última vez Precio de reemplazo Tipo de ítem Koha
        Biblioteca del Ateneo de Madrid Biblioteca del Ateneo de Madrid Sala Palomar 17/01/2008     C-5599 1032779 23/02/2023 23/02/2023 Libro impreso